000 00232nam a22001097a 4500
003 OSt
008 250214b |||||||| |||| 00| 0 eng d
041 _aeng
100 _aMaltra
_97144
245 _aGround Water Management
942 _cBK
999 _c19374
_d19374